Responses for Show #8774 - Thursday, December 29, 2022

Ray Lalonde game 11.

Contestants

[<< previous game]

Rachel Cohen, a consultant from Denver, Colorado

Emily Kawaler, a bioinformatician from New York, New York

Ray Lalonde, a scenic artist from Toronto, Ontario, Canada (whose 10-day cash winnings total $285,100)

[next game >>]

Jeopardy! Round responses

ALONG THE MISSISSIPPI
CLASSIC FLUTE ROCK
YOU'RE WEARING YOUR FOOD
3-NAMED WRITERS
SHEER MISERY
DON'T GET...
    $200 16
St. Louis

Rachel
    $200 7
(Ken : That's correct and I regret to say we are out of FLUTE ROCK.)
[Laughter]

Down Under

Emily
    $200 3
spaghetti straps

Rachel
    $200 27
Louisa May Alcott

Rachel
    $200 28
the blues

Emily
    $200 30
the fasten seat belt sign

Ray
    $400 17
New Orleans

Emily
    $400 6
The Beatles

Ray
    $400 4
a pea coat

Ray
    $400 22
(Edgar Allan) Poe

Emily
    $400 24
torture

Ray
    $400 29
a lemon

Emily
    $600 20
Iowa

Emily
    $600 1
"California Dreamin'"

Ray
    $600 14
pork pie

Rachel
    $600 8
the Spanish Civil War

Ray
    $600 11
woe

Triple Stumper
    $600 12
the Leaning Tower of Pisa

Ray
    $800 26
(Emily: What is Madison?)

Stockholm, Wisconsin

Emily
Triple Stumper
    $800 2
"Moondance"

Rachel
    $800 15
ice cream

Rachel
    $3,000 9
(Ray: Who is Henry Wadsworth Longfellow?)

Henry David Thoreau

Ray
    $800 13
agony

Rachel
    $800 23
an SPF

Emily
    $1000 25
St. Paul

Rachel
    $1000 5
(Rachel: Who is Phil Collins?)

Peter Gabriel

RayRachel
    $1000 21
macaroni

Emily
    $1000 10
(Emily: [Sighs] MISERY $600.)
[Laughter]

(Frances Hodgson) Burnett

Emily
    $1000 19
squalor

Rachel
    $1000 18
a learning curve

Emily

Scores at the first commercial break (after clue 15):

Ray Emily Rachel
$600 $1,200 $2,200

Scores at the end of the Jeopardy! Round:

Ray Emily Rachel
$1,200 $5,200 $4,600

Double Jeopardy! Round responses

THE COMEDY OF ERAS
BREAK THE "CODE"
STATE OF THE HEART
TV TO SEE IN 2022
THE HOUSE OF POWER
RINGS OF DRAGONS
    $400 17
the Borscht Belt

Rachel
    $400 27
the area code

Rachel
    $400 22
(Rachel: What is TNT?)

nitroglycerin

RayRachel
    $400 2
a bald eagle

Emily
    $400 29
Japan

Emily
    $400 30
a cactus

Emily
    $800 18
a piano

Emily
    $800 15
The Da Vinci Code

Rachel
    $800 28
the pericardium

Emily
    $800 6
Elle Fanning

Rachel
    $3,000 24
York

Emily
    $800 23
(Rachel: What is yin?)

yang

EmilyRachel
    $1200 1
commedia dell'arte

Rachel
    $1200 3
binary code

Ray
    $1200 26
atrial fibrillation

Rachel
    $1200 7
(Ken: He was on Sea Hunt with his dad, Lloyd.)

Jeff Bridges

Ray
    $1200 8
(Emily: What is the Qing Dynasty?)

the Ming

RayEmily
    $1200 19
Wales

Ray
    $1600 4
Aristophanes

Ray
    $1600 13
Hammurabi's Code

Emily
    $4,000 16
(Rachel: What is a brady heart rate?)

bradycardia

Rachel
    $1600 12
Baltimore

Rachel
    $1600 9
the House of Orange

Ray
    $1600 20
Daniel

Ray
    $2000 5
(Ray: What is...)
(Ken: Sorry, that's out of time.)
(Ray: [Simultaneous to Ken's ruling] [*].)
...
(Ken: Ray didn't quite get it in.)

H.M.S. Pinafore

RayRachel
    $2000 14
the Hays Code

Emily
    $2000 25
an echocardiogram

Ray
    $2000 11
Severance

Rachel
    $2000 10
Hapsburg

Ray
    $2000 21
the Komodo dragon

Rachel

Scores at the end of the Double Jeopardy! Round:

Ray Emily Rachel
$13,200 $14,200 $11,800

[wagering suggestions for these scores]

Final Jeopardy! Round responses

GODS & GODDESSES
(Ken: [To Rachel] Yes, or [**], goddess of the dawn, just ahead of the Sun.)
RachelWho is Eos?
$11,000
RayWho is Eos?
$13,200
EmilyWho is Luna?
$12,201
Eos (Aurora)

Final scores:

Ray Emily Rachel
$26,400 $1,999 $22,800
11-day champion: $311,500 3rd place: $1,000 2nd place: $2,000

Game dynamics:

Coryat scores:

Ray Emily Rachel
$16,200 $12,000 $15,800
18 R,
2 W
(including 1 DD)
19 R
(including 1 DD),
2 W
19 R,
4 W
(including 1 DD)

Combined Coryat: $44,000

[game clues] [game scores] [suggest correction]

Game tape date: 2022-10-26
The J! Archive is created by fans, for fans. Scraping, republication, monetization, and malicious use prohibited; this site may use cookies and collect identifying information. See terms. The Jeopardy! game show and all elements thereof, including but not limited to copyright and trademark thereto, are the property of Jeopardy Productions, Inc. and are protected under law. This website is not affiliated with, sponsored by, or operated by Jeopardy Productions, Inc. Join the discussion at JBoard.tv.